Central Library OPAC University of Rajshahi

Educational psychology (Record no. 35582)

MARC details
000 -LEADER
fixed length control field 00852cam a22002771 4500
001 - CONTROL NUMBER
control field 35582
003 - CONTROL NUMBER IDENTIFIER
rucl marc code BD-RjUL
005 - DATE AND TIME OF LATEST TRANSACTION
control field 20211209052340.0
008 - FIXED-LENGTH DATA ELEMENTS--GENERAL INFORMATION
fixed length control field 140126s19601944nyua b 001 0 eng
035 ## - SYSTEM CONTROL NUMBER
System control number (BD-RjUL)35677
System control number (OCoLC)1248026
040 ## - CATALOGING SOURCE
Original cataloging agency DLC
Transcribing agency PPT
Modifying agency OCoLC
-- DLC
Language of cataloging eng
041 ## - LANGUAGE CODE
Language code of text/sound track or separate title eng
082 00 - DEWEY DECIMAL CLASSIFICATION NUMBER
Classification number 370.15
Author mark and year EDU 1944
245 10 - TITLE STATEMENT
Title Educational psychology
Statement of responsibility, etc. Arthur I. Gates... [et. al.].
260 ## - PUBLICATION, DISTRIBUTION, ETC. (IMPRINT)
Place of publication, distribution, etc. New York :
Name of publisher, distributor, etc. Macmillan Co.,
Date of publication, distribution, etc. c1944.
300 ## - PHYSICAL DESCRIPTION
Pagination Vol-2. :
Illustrations ill. ;
Size 22 cm.
500 ## - GENERAL NOTE
General note First pub. in 1923 under title: Psychology for students of education.
504 ## - BIBLIOGRAPHY, ETC. NOTE
Bibliography, etc Includes bibliographies and index.
505 ## - FORMATTED CONTENTS NOTE
Formatted contents note Vol. 1. -- V. 2
650 #0 - SUBJECT ADDED ENTRY--TOPICAL TERM
Topical term or geographic name as entry element Psychology.
9 (RLIN) 35480
Topical term or geographic name as entry element Educational psychology.
9 (RLIN) 35481
700 1# - ADDED ENTRY--PERSONAL NAME
Personal name Gates, Arthur Irving,
Dates associated with a name 1890-
942 ## - ADDED ENTRY ELEMENTS (KOHA)
Source of classification or shelving scheme Dewey Decimal Classification
Koha item type Books
Holdings
Lost status Source of classification or shelving scheme Damaged status Not for loan Collection code Permanent Location Current Location Shelving location Date acquired Source of acquisition Cost, normal purchase price Total Checkouts Full call number Date last seen Copy number Koha item type
  Dewey Decimal Classification     Non-fiction Central Library, University of Rajshahi Central Library, University of Rajshahi   04/03/1957 Not Fount. 0.00   370.15 EDU V-2 1944 28/05/2014 C-6 Books
  Dewey Decimal Classification     Non-fiction Central Library, University of Rajshahi Central Library, University of Rajshahi   04/03/1951 U.S.A.     370.15 EDU V-1 1944 30/08/2016 C-2 Books
  Dewey Decimal Classification     Non-fiction Central Library, University of Rajshahi Central Library, University of Rajshahi   04/03/1951 U.S.A.     370.15 EDU V-1 1944 30/08/2016 C-3 Books
  Dewey Decimal Classification     Non-fiction Central Library, University of Rajshahi Central Library, University of Rajshahi   04/03/1951 U.S.A.     370.15 EDU V-2 1944 30/08/2016 C-3 Books
  Dewey Decimal Classification     Non-fiction Central Library, University of Rajshahi Central Library, University of Rajshahi   04/03/1951 U.S.A.     370.15 EDU V-2 1944 30/08/2016 C-4 Books
  Dewey Decimal Classification     Non-fiction Central Library, University of Rajshahi Central Library, University of Rajshahi   04/03/1957 Registrar Office, R.U.     370.15 EDU V-2 1944 26/09/2016 C-2 Books
  Dewey Decimal Classification     Non-fiction Central Library, University of Rajshahi Central Library, University of Rajshahi   04/03/1957 Registrar Office, R.U.     370.15 EDU V-1 1944 26/09/2016 C-4 Books
  Dewey Decimal Classification     Non-fiction Central Library, University of Rajshahi Central Library, University of Rajshahi   04/03/1957 Registrar Office, R.U.     370.15 EDU V-2 1944 26/09/2016 C-5 Books
  Dewey Decimal Classification     Non-fiction Central Library, University of Rajshahi Central Library, University of Rajshahi   04/03/1957 U.S.A.     370.15 EDU V-1 1944 26/11/2016 C-7 Books